| 000 | 00766nam a2200205 i 4500 | ||
|---|---|---|---|
| 001 | bg | ||
| 100 | 1 | _aBIELEJEC, Jerzy | |
| 245 | 1 | 0 |
_aProjektowanie zagospodarowania transportowego dużych gospodarstw indywidualnych : _bzagadnienia techniczne, eksploatacyjne, organizacyjno-ekonomiczne / _cJerzy Bielejec ; Instytut Budownictwa, Mechanizacji i Elektryfikacji Rolnictwa. |
| 260 |
_aWarszawa : _bIBMER, _c1994. |
||
| 300 |
_a79 s., 3 k. tabl. złoż. : _bwykr. ; _c21 cm. |
||
| 650 | 9 |
_aGospodarstwo rolne _xorganizacja _xprojekty |
|
| 650 | 9 |
_aRolnictwo _xtransport _xprojekty |
|
| 020 | _a838626408X | ||
| 040 | _cBPK | ||
| 041 | 0 | _apl | |
| 080 | _a631.115.1:631.56:656.1 | ||
| 920 | _a83-86264-08-X | ||
| 942 | _cKS | ||
| 008 | s pl f |000 0 pol | ||
| 999 |
_c31188 _d31188 |
||
| 856 |
_uhttp://koha.tu.koszalin.pl/cgi-bin/koha/opac-detail.pl?biblionumber=31188 _yKatalog online BPK |
||